| 000 | 00821nam a2200217Ii 4500 | ||
|---|---|---|---|
| 003 | JO-AjNU | ||
| 008 | 230605s9999||||xx |||||||||||||| ||und|| | ||
| 020 | _a978-2-7451-2586-6 | ||
| 040 |
_aJO-AjNU _bara _erda _cJO-AjNU |
||
| 041 | _aara | ||
| 050 | 1 | 4 | _aPJ 7745 .J3 .A6 2009 |
| 100 | 3 |
_aتأليف الجاحظ، أبي عثمان عمرو بن بحر ؛ تحقيق موفق شهاب الدين, _eauthor _911454 |
|
| 245 | 0 | 0 | _aالبيان و التبيين |
| 250 | _aط3 | ||
| 264 | 3 | 1 | _aبيروت،لبنان: دار الكتب العلمية، 2009 |
| 300 | _aج2،مج2(3-4)، 196ص | ||
| 336 |
_atext _btxt _2rdacontent |
||
| 337 |
_aunmediated _bn _2rdamedia |
||
| 338 |
_avolume _bnc _2rdacarrier |
||
| 650 | 4 |
_aاللغة العربية -- بلاغة -- الأدب العربي -- مجموعات _911455 |
|
| 999 |
_aA2334 _c5902 _d5902 |
||